000
00260nam a22001217a 4500
008
170622b xxu||||| |||| 00| 0 eng d
041
_a
eng
080
_a
94
100
_a
16
101
_a
SHH
245
_a
TERROR AND PROGRESS USSR
_c
MOORE,B
942
_2
udc
_c
BK
999
_c
18682
_d
18682